• 首页
  • 本馆介绍
  • 公告通知
  • 最新文献
  • 馆藏检索
  • 电子资源
  • 读者导购
  • 参考咨询
  • 我的图书馆
  • 登录
  • 详细信息显示
  • 放入我的书架
  • 预约/预借图书
  • 作者相关作品
  • 分类相关作品
  • 丛书相关作品
  • 出版社相关作品

书目信息

  • 表格格式
  • 工作单格式
  • 卡片格式
题名:
孔子叫我们宽容点
    
 
作者: 高欣 编著
分册:  
出版信息: 北京   中国画报出版社  2011.3
页数: 239页
开本: 24cm
丛书名:
单 册:
中图分类: B222.2-49
科图分类:
主题词: 儒家
电子资源:
ISBN: 978-7-80220-988-6
000 00782nam0 2200253 45
001 1360535515
005 20130531093920.73
010    @a978-7-80220-988-6@dCNY23.80
100    @a20130513d2011 em y0chiy50 ea
101 0  @achi
102    @aCN@b110000
105    @ay z 000yy
106    @ar
200 1  @a孔子叫我们宽容点@AKong Zi Jiao Wo Men Kuan Rong Dian@f高欣编著@FGao Xin Bian Zhu
210    @a北京@c中国画报出版社@d2011.3
215    @a239页@d24cm
330    @a本书主要以孔子及其《论语》为基本出发点,多方位地阐释了孔子的思想学说与当代现实生活的紧密联系。
605    @a《论语》@j通俗读物
605    @a《论语》
606 0  @a儒家
690    @aB222.2-49@v5
701  0 @a高欣@AGao Xin@4编著
801    @aCN@bTANGWEI@c20130522
905    @b0834930-35@dB222.2-49@e441@f6
    
    孔子叫我们宽容点/高欣编著.-北京:中国画报出版社,2011.3
    239页;24cm
    
    
    ISBN 978-7-80220-988-6:CNY23.80
    本书主要以孔子及其《论语》为基本出发点,多方位地阐释了孔子的思想学说与当代现实生活的紧密联系。
●
相关链接 在E读中查询图书 在五车中查询图书 在当当中查询图书 在豆瓣中查询图书


正题名:孔子叫我们宽容点     索取号:B222.2-49/441         预约/预借

序号 登录号 条形码 馆藏地/架位号 状态 备注
1 0834930   208349303   第一样本阅览室/ [索取号:B222.2-49/441] 在馆    
2 0834931   208349312   教育系资料室/ [索取号:B222.2-49/441] 在馆    
3 0834932   208349321   教育系资料室/ [索取号:B222.2-49/441] 在馆    
4 0834933   208349330   第一借阅区/ [索取号:B222.2-49/441] 在馆    
5 0834934   208349349   第一借阅区/ [索取号:B222.2-49/441] 在馆    
6 0834935   208349358   第一借阅区/ [索取号:B222.2-49/441] 在馆    
唐山师范学院图书馆 欢迎您!
大连网信软件有限公司© 版权所有